000 00608nam a2200181Ia 4500
008 100917s9999 xx 000 0 und d
082 _b51149
100 _aचेंदवणकर सदानंद
245 _aअंधारातून प्रकाशाकडे
260 _bपरचुरे प्रकाशन
_c1973
300 _a92
365 _b5
520 _aचरित्र
630 _aअंधारातून प्रकाशाकडे
650 _aचरित्र
730 _aअंधारातून प्रकाशाकडे
942 _cBOOK
999 _c656543
_d656540